00566nam a2200157Ia 4500008004000000020001800040082001500058100001700073245007500090260003900165300001200204690002300216906001100239999001700250952014100267210210b1991 xxu||||| |||| 00| 0 eng d a81 7054 125 5 a320.8 SAHS aSAHAY (B K). aState supervision over muncipal administration: a case study of bihar. aNDbClassical Publishing Co.c1991 axvi,327 aModern Governments a046787 c96142d96142 001040708Political ScienceaALbALcPolitical Scienced2021-02-17g200.00l0o320.8 SAHSp046787r2021-02-17 00:00:00w2021-02-17yBK